| 000 | 00407nam a22001697a 4500 | ||
|---|---|---|---|
| 005 | 20180809111415.0 | ||
| 008 | 160620b xxu||||| |||| 00| 0 eng d | ||
| 020 | _a978-81-7446-596-2 | ||
| 041 | _aeng | ||
| 082 |
_b8479 _a658.3 |
||
| 100 |
_aRao, P.L. _94732 |
||
| 245 | _aInternational Human Resource | ||
| 260 |
_bExcel book _c2008 _aDELHI |
||
| 300 | _a383p, | ||
| 650 |
_aManagement _9241 |
||
| 942 | _cBK | ||
| 999 |
_c3245 _d3244 |
||